000 00478nam a2200169Ia 4500
999 _c22249
_d22249
003 OSt
005 20200215121842.0
008 190216s9999||||xx |||||||||||||| ||und||
040 _coclc
082 _a297
_bRAN/C
100 _aRandathani, Husain
_91881
245 0 _aChrithramuthukal /
_cHusain Randathani
250 _a1st ed.
260 _bPoomkavanam Books Publishers,
_c1990.
_aCochin:
300 _a96p
942 _cBK
_2ddc
_h297
_iRAN/C
_k297
_mRAN/C